000 00396nam a22001457a 4500
005 20171012150052.0
008 171012b xxu||||| |||| 00| 0 eng d
040 _cPK-LaUMT
082 _aPKAC 297.74071
_bZIK-T
100 _aZikaria , Muhammad
245 _aTablighi nisab/
_cMuhammad Zikaria
260 _aدہلی:
_bعطا الرحمن شروانی،
_c1977
300 _a231 ص
942 _cBK
999 _c99147
_d99147